<?xml version="1.0" encoding="UTF-8"?>
<record
    xmlns:xsi="http://www.w3.org/2001/XMLSchema-instance"
    xsi:schemaLocation="http://www.loc.gov/MARC21/slim http://www.loc.gov/standards/marcxml/schema/MARC21slim.xsd"
    xmlns="http://www.loc.gov/MARC21/slim">

  <leader>00582nam a2200217Ia 4500</leader>
  <controlfield tag="003">3228</controlfield>
  <controlfield tag="005">20231129162357.0</controlfield>
  <controlfield tag="008">210816s9999    xx            000 0 und d</controlfield>
  <datafield tag="020" ind1=" " ind2=" ">
    <subfield code="a">9780753176641"</subfield>
  </datafield>
  <datafield tag="040" ind1=" " ind2=" ">
    <subfield code="c">3228</subfield>
  </datafield>
  <datafield tag="082" ind1=" " ind2=" ">
    <subfield code="a">LP EF HUGH</subfield>
  </datafield>
  <datafield tag="086" ind1=" " ind2=" ">
    <subfield code="a">LP EF HUGH</subfield>
  </datafield>
  <datafield tag="100" ind1=" " ind2=" ">
    <subfield code="a">Hughes, Declan</subfield>
    <subfield code="9">125165</subfield>
  </datafield>
  <datafield tag="245" ind1=" " ind2="0">
    <subfield code="a">THE WRONG KIND OF BLOOD</subfield>
  </datafield>
  <datafield tag="260" ind1=" " ind2=" ">
    <subfield code="a">Great  Britain</subfield>
    <subfield code="b">Division of Hodder Headline</subfield>
    <subfield code="c">c2006.</subfield>
  </datafield>
  <datafield tag="300" ind1=" " ind2=" ">
    <subfield code="a">414 pages.</subfield>
    <subfield code="c">7 cm</subfield>
  </datafield>
  <datafield tag="521" ind1=" " ind2=" ">
    <subfield code="a">Adults: Large Print</subfield>
  </datafield>
  <datafield tag="650" ind1=" " ind2=" ">
    <subfield code="2">Human Blood types</subfield>
  </datafield>
  <datafield tag="651" ind1=" " ind2=" ">
    <subfield code="a">London ( great Britain)</subfield>
    <subfield code="9">185112</subfield>
  </datafield>
  <datafield tag="942" ind1=" " ind2=" ">
    <subfield code="c">BK</subfield>
    <subfield code="2">ddc</subfield>
    <subfield code="y">237</subfield>
    <subfield code="z">Queen Mhlanga</subfield>
  </datafield>
  <datafield tag="999" ind1=" " ind2=" ">
    <subfield code="c">99476</subfield>
    <subfield code="d">99475</subfield>
  </datafield>
  <datafield tag="952" ind1=" " ind2=" ">
    <subfield code="0">0</subfield>
    <subfield code="1">0</subfield>
    <subfield code="4">0</subfield>
    <subfield code="7">0</subfield>
    <subfield code="a">THUSL</subfield>
    <subfield code="b">THUSL</subfield>
    <subfield code="d">2021-08-17</subfield>
    <subfield code="g">62.00</subfield>
    <subfield code="l">0</subfield>
    <subfield code="p">33228011696935</subfield>
    <subfield code="r">2021-08-17</subfield>
    <subfield code="w">2021-08-17</subfield>
    <subfield code="y">BK</subfield>
  </datafield>
  <datafield tag="952" ind1=" " ind2=" ">
    <subfield code="0">0</subfield>
    <subfield code="1">0</subfield>
    <subfield code="2">ddc</subfield>
    <subfield code="4">0</subfield>
    <subfield code="7">0</subfield>
    <subfield code="8">800</subfield>
    <subfield code="a">SHATL</subfield>
    <subfield code="b">SHATL</subfield>
    <subfield code="c">FIC</subfield>
    <subfield code="d">2023-11-29</subfield>
    <subfield code="l">0</subfield>
    <subfield code="o">LP EF HUGH</subfield>
    <subfield code="p">33228031011457</subfield>
    <subfield code="r">2023-11-29</subfield>
    <subfield code="w">2023-11-29</subfield>
    <subfield code="y">BK</subfield>
  </datafield>
  <datafield tag="952" ind1=" " ind2=" ">
    <subfield code="0">0</subfield>
    <subfield code="1">0</subfield>
    <subfield code="2">ddc</subfield>
    <subfield code="4">0</subfield>
    <subfield code="7">0</subfield>
    <subfield code="8">F</subfield>
    <subfield code="a">MKHWL</subfield>
    <subfield code="b">MKHWL</subfield>
    <subfield code="c">FIC</subfield>
    <subfield code="d">2025-06-20</subfield>
    <subfield code="l">0</subfield>
    <subfield code="o">LP EF HUGH</subfield>
    <subfield code="p">3228200039355</subfield>
    <subfield code="r">2025-06-20</subfield>
    <subfield code="w">2025-06-20</subfield>
    <subfield code="y">BK</subfield>
  </datafield>
</record>
